Stranger Things Ultimate Name Game - Statistics

General Stats
  • This quiz has been taken 5,092 times
    4,983 since last reset
  • The average score is 20 of 30
Answer Stats
Hint Answer % Correct
Wheeler Michael
99%
Nancy
98%
Byers Will
97%
Harrington Steve
96%
Joyce
92%
Sinclair Lucas
92%
Henderson Dustin
91%
Jonathan
90%
Mayfield Max
89%
Hopper Jim
86%
Hargrove Billy
84%
Erica
83%
Jane
82%
Newby Bob
76%
Karen
76%
Ted
71%
Holly
70%
Holland Barbara
65%
Sara
62%
Brenner Martin
58%
Bauman Murray
54%
Ives Terry
54%
Lonnie
48%
Owens Sam
47%
Clarke Scott
36%
Hammond Benny
27%
Becky
24%
Frazier Connie
23%
Claudia
21%
Neil
16%
No matching quizzes found
Score Distribution
Percent of People with Each Score
Percentile by Number Answered
Your Score History
You have not taken this quiz since the last reset